Emirates Destinations - Cities - Statistics

General Stats
  • This quiz has been taken 47 times
    39 since last reset
  • The average score is 109 of 147
Answer Stats
Africa % Correct
France Paris
97%
Japan Tokyo
97%
Greece Athens
94%
Iraq Baghdad
94%
Spain Barcelona
94%
United States Boston
94%
Belgium Brussels
94%
Egypt Cairo
94%
Germany Frankfurt
94%
The UK London
94%
United States Los Angeles
94%
Italy Milan
94%
Russia Moscow
94%
India Mumbai
94%
United States New York City
94%
Italy Rome
94%
China Shanghai
94%
Canada Toronto
94%
Netherlands Amsterdam
91%
New Zealand Auckland
91%
Thailand Bangkok
91%
United States Chicago
91%
Türkiye Istanbul
91%
Spain Madrid
91%
United States Miami
91%
Japan Osaka
91%
Brazil Rio de Janeiro
91%
Saudi Arabia Riyadh
91%
Sweden Stockholm
91%
Austria Vienna
91%
Poland Warsaw
91%
Ethiopia Addis Ababa
89%
China Beijing
89%
Lebanon Beirut
89%
The UK Birmingham
89%
Hungary Budapest
89%
South Africa Cape Town
89%
India Delhi
89%
Ireland Dublin
89%
The UK Edinburgh
89%
Switzerland Geneva
89%
Germany Hamburg
89%
Pakistan Islamabad
89%
Indonesia Jakarta
89%
Malaysia Kuala Lumpur
89%
Portugal Lisbon
89%
France Lyon
89%
The UK Manchester
89%
Australia Melbourne
89%
Mexico Mexico City
89%
Canada Montreal
89%
Germany Munich
89%
Norway Oslo
89%
Czechia Prague
89%
Russia St. Petersburg
89%
Australia Sydney
89%
Israel Tel Aviv
89%
Italy Venice
89%
United States Washington D.C.
89%
Switzerland Zürich
89%
Jordan Amman
86%
Colombia Bogota
86%
Australia Brisbane
86%
Argentina Buenos Aires
86%
Denmark Copenhagen
86%
The UK Glasgow
86%
Vietnam Ho Chi Minh City
86%
China Hong Kong
86%
Saudi Arabia Jeddah
86%
Kuwait Kuwait
86%
Australia Perth
86%
United States San Francisco
86%
Brazil Sao Paulo
86%
Korea Seoul
86%
Singapore Singapore
86%
Taiwan Taipei
86%
Algeria Algiers
83%
Italy Bologna
83%
Morocco Casablanca
83%
Bangladesh Dhaka
83%
South Africa Johannesburg
83%
Oman Muscat
83%
France Nice
83%
Tunisia Tunis
83%
Australia Adelaide
80%
Sri Lanka Colombo
80%
Senegal Dakar
80%
Syria Damascus
80%
UAE Dubai
80%
Germany Düsseldorf
80%
Vietnam Hanoi
80%
United States Houston
80%
Nigeria Lagos
80%
Kenya Nairobi
80%
United States Orlando
80%
United States Seattle
80%
Iran Tehran
80%
United States Dallas
77%
Pakistan Lahore
77%
Maldives Male
77%
Malta Malta
77%
Bahrain Manama
77%
Tanzania Dar Es Salaam
74%
China Guangzhou
74%
Angola Luanda
74%
Ghana Accra
71%
Pakistan Karachi
71%
India Kolkata
71%
India Ahmedabad
69%
New Zealand Christchurch
69%
The UK Newcastle
69%
Thailand Phuket
69%
China Shenzhen
66%
Vietnam Da Nang
63%
Zimbabwe Harare
63%
Cyprus Larnaca
63%
United States Newark
63%
Ivory Coast Abidjan
60%
India Chennai
60%
India Hyderabad
60%
Saudi Arabia Medina
60%
Indonesia Bali
57%
Guinea Conakry
57%
China Hangzhou
57%
Iraq Basra
51%
Mauritius Mauritius
51%
Cambodia Siem Reap
51%
Uganda Entebbe
49%
India Kochi
40%
Saudi Arabia Dammam
37%
Pakistan Sialkot
37%
Zambia Lusaka
34%
India Bengaluru
31%
Cambodia Phnom Penh
31%
India Thiruvananthapuram
26%
Madagascar Antananarivo
23%
Pakistan Peshawar
23%
South Africa Durban
20%
Country City
6%
Asia And The Pacific 000
3%
Europe | North and South America | The Middle East 0000
0%
No matching quizzes found
Score Distribution
Percent of People with Each Score
Percentile by Number Answered
Your Score History
You have not taken this quiz since the last reset